Airlines by country #2 - Statistics

General Stats
  • This quiz has been taken 46 times
  • The average score is 28 of 40
Answer Stats
Airline Country % Correct
4) AeroMexico Mexico
97%
31) Volaris Mexico
97%
22) Hainan Airlines China
95%
1) Spirit Airlines United States
95%
16) JetBlue United States
95%
27) SunCountry United States
95%
2) Aer Lingus Ireland
92%
34) ANA Nippon Airways Japan
90%
24) KLM Air Netherlands
90%
40) ArubaAirlines Netherlands
90%
8) EasyJet United Kingdom
90%
13) AirNorth Canada
82%
32) WestJet Canada
82%
37) Alexandria Airlines Egypt
79%
15) AirAsia Malaysia
79%
10) Azul Airlines Brazil
77%
23) RwandAir Rwanda
77%
6) AirCalin France
74%
39) AirAntilles France
74%
7) Condor Germany
74%
14) JetStar Australia
72%
21) Regional Express Australia
72%
29) UralAir Russia
72%
17) Kulula South Africa
69%
9) EVA Air Taiwan
69%
11) Gulf Air Bahrain
67%
26) SpiceJet India
67%
30) Vistara India
67%
5) Azores Air Portugal
67%
20) Pegasus Airlines Turkey
64%
36) AirAstana Kazakhstan
62%
35) Copa Airlines Panama
54%
19) Nok Air Thailand
51%
18) LuxAir Luxembourg
49%
25) SilkAir Singapore
49%
12) Helvetic Airways Switzerland
49%
33) BambooAirlines Vietnam
49%
28) TAAG Angola
36%
38) Africa World Airlines Ghana
26%
3) FlyOne Moldova
13%
No matching quizzes found
Score Distribution
Percent of People with Each Score
Percentile by Number Answered
Your Score History
You have not taken this quiz